Make the most of your mind
| Main Author: | |
|---|---|
| Format: | Book |
| Published: |
London :
Pan Books ,
1988
|
| Subjects: |
MARC
| LEADER | 00000cam a2200000 7i4500 | ||
|---|---|---|---|
| 001 | 0000005689 | ||
| 005 | 20050613.0 | ||
| 020 | |a 0330302620 | ||
| 040 | |a INS | ||
| 090 | 0 | 0 | |a BF431. |b B89 1988 |
| 100 | 0 | |a Buzan, Tony | |
| 245 | 0 | 0 | |a Make the most of your mind |c Tony Buzan |
| 260 | |a London : |b Pan Books , |c 1988 | ||
| 300 | |a 191p | ||
| 650 | 0 | 0 | |a Brain |
| 650 | 0 | 0 | |a Intellect |
| 650 | 0 | 0 | |a Success |
| 650 | 0 | 0 | |a Thought and thinking |
| 999 | |a 0000006468 |b BOOK |c Open Shelf |e Default branch | ||